000 03478cam a2200505 a 4500
003 PE-LiUPU
005 20250731172849.0
008 100826s2011 njua rb 001 0 eng
020 _a0321398777
_q(alk. paper)
020 _a9780321398772
_q(alk. paper)
035 _a(Sirsi) i9780321398772
040 _aDLC
_bspa
_cDLC
_dYDX
_dYDXCP
_dBWX
_dCDX
_dIUL
_dIG#
_dUKMGB
_dBDX
_dZCU
_dAWC
_dOCLCF
_dOCLCQ
_dCHVBK
_dS3O
_dOCLCQ
_dPE-LiUPU
049 _aPRUA
082 0 0 _a297
_bK65
_222
100 1 _aKnysh, Alexander D.,
_eautor.
245 1 0 _aIslam in historical perspective /
_cAlexander Knysh.
264 _aUpper Saddle River, NJ :
_bPearson Prentice Hall,
_c2011.
300 _axiii, 534 páginas :
_bilustraciones ;
_c24 centímetros.
336 _atext
_btxt
_2rdacontent
337 _aunmediated
_bn
_2rdamedia
338 _avolume
_bnc
_2rdacarrier
504 _aBibliografía : páginas 506-516.
504 _aIndice : páginas 518-534.
505 0 _aPreface -- Introduction -- Arabia : the cradle of Islam -- Muhammad and the beginning of Islam : the making of the Muslim community -- After Muhammad : the "rightly guided" caliphs and the Arab conquests -- The murder of 'Uthman, the fitna wars, and the rise and consolidation of the Umayyad dynasty -- The principal source of Islam : the Qur'an -- The prophetic Hadith and Sunna and the emergence of the Shari'a -- The first divisions within the community and the problem of the just ruler -- The 'Abbásid revolution and beyond -- Islamic scholarship under the 'Abbásids : the rise and development of the schools of law -- Islamic scholarship under the 'Abbásids : theological debates and schools of thought -- Twelver Shi'ism and Zaydism -- Shi'ism as a revolutionary movement : the Ismaʻilis -- Ascetic and mystical movements : origins, teachings, and practices -- The institutional and social aspects of later Sufism -- Intellectual struggles in premodern Islam : philosophy versus theology -- Transmission and conservation of knowledge : ʻUlamáʼ, Mádrasas, and Sufi lodges -- The basic beliefs and practices of Islam : Islamic life cycle -- Islamic art religious architecture (Mosque) -- The status of women in Islam in historical perspective -- Islam and the West -- The religious policies of the gunpowder empires : the world of Islam faces modernity and European colonialsim -- Renewal and reform in Islam : the emergence of Islamic modernism and reformism -- Islam as a political force and vehicle of opposition/resistance -- Islam reinterpreted : major trends in Islamic thought today -- The ideology and practice of globalized Jihadism -- Conclusion : Whither Islam?.
526 _aSEG42
526 _aSEG41
526 _aSEG40
526 _aSEG39
526 _aP94
526 _aP87
526 _aP86
526 _aP85
526 _aP77
526 _aP76
526 _aP35
650 0 _aIslam
_xHistoria.
650 0 _aIslam
_xHistoriografía.
910 _jck
_bhop
_chop
_d20160607
942 _2ddc
_cBOOK
949 _a297 K65
_wDEWEY
_c1
_i73249
_d2016-11-25
_e2016-11-20
_lCCODEBUL1
_mBUL
_n1
_p53.00
_r0
_sY
_tBOOK
_u2016-6-7
_xTEOLOGIA
_PP85
_0COMPRA
_o.STAFF. Posgrado
994 _aC0
_bPEPRU
596 _a1
999 _a297 K65
_wDEWEY
_c9790
_i73249
_d9790
_e2018-6-17
_f2021-11-11
_g5
_lCCODEBUL1
_mBUL
_n2
_p53.00
_q5
_r0
_sY
_tBOOK
_u2016-6-7
_xTEOLOGIA
_PP85
_0COMPRA
_o.STAFF. Colección Teología
980 _81
_gALBERTO SANCHEZ Responsable de Automatización